| 000 | 01657cam a22003974a 4500 | ||
|---|---|---|---|
| 001 | 15211822 | ||
| 003 | ASAB | ||
| 005 | 20180827062700.0 | ||
| 008 | 071206s2008 nyu be 001 0 eng | ||
| 010 | _a 2008010753 | ||
| 020 | _a9781420079531(hbk : alk. paper Volume 1) | ||
| 020 | _a1420079530 (hbk : alk. paper Volume 1) | ||
| 020 | _a9781420079548 (hbk. : alk paper Volume 2) | ||
| 020 | _a1420079549 (hbk. : alk. paper Volume 2) | ||
| 035 | _a(DNLM)101467955 | ||
| 040 |
_aDNLM/DLC _cASAB _dDLC |
||
| 042 | _apcc | ||
| 050 | 0 | 0 |
_aR857.M3 _bE53 2008 |
| 060 | 1 | 0 |
_aQT 13 _bE5292 2008 |
| 082 | 0 | 0 |
_a610.28/403 _222 |
| 245 | 0 | 0 |
_aEncyclopedia of biomaterials and biomedical engineering / _cedited by Gary E. Wnek, Gary L. Bowlin. |
| 260 |
_aNew York : _bInforma Healthcare USA, _cc2008. |
||
| 300 |
_a2 v. (various pagings) : _bill. ; _c29 cm. |
||
| 504 | _aIncludes bibliographical references and index. | ||
| 650 | 0 |
_aBiomedical materials _vEncyclopedias. _92166 |
|
| 650 | 0 |
_aBiomedical engineering _vEncyclopedias. _92167 |
|
| 650 | 1 | 2 |
_aBiomedical and Dental Materials _vEncyclopedias _xEnglish. _92168 |
| 650 | 2 | 2 |
_aBiomedical Engineering _vEncyclopedias _xEnglish. _92169 |
| 700 | 1 |
_aWnek, Gary E. _92170 |
|
| 700 | 1 |
_aBowlin, Gary L. _92171 |
|
| 856 | 4 | 1 |
_3Table of contents only _uhttp://www.loc.gov/catdir/toc/ecip0813/2008010753.html |
| 856 | 4 | 2 |
_3Publisher description _uhttp://www.loc.gov/catdir/enhancements/fy0826/2008010753-d.html |
| 906 |
_a7 _bcbc _corignew _d1 _eecip _f20 _gy-gencatlg |
||
| 942 |
_2ddc _cBK |
||
| 999 |
_c480247 _d480247 |
||